Fußballweltmeister 1990 - Statistiken

Allgemein
  • Dieses Quiz wurde 114 mal gespielt
  • Das Durchschnittsergebnis liegt bei 8 aus 12
Antwortstatistiken
Nummer Spieler % Korrekt
10 Lothar Matthäus
96%
18 Jürgen Klinsmann
87%
3 Andreas Brehme
85%
9 Rudi Völler
84%
1 Bodo Illgner
65%
4 Jürgen Kohler
63%
7 Pierre Littbarski
62%
8 Thomas Häßler
61%
5 Klaus Augenthaler
60%
6 Guido Buchwald
56%
2 Stefan Reuter
46%
14 Thomas Berthold
44%
Keine übereinstimmenden Quizze gefunden
Verteilung der Resultate
Anzahl Personen mit jedem Resultat
Perzentil nach korrekt beantworteten Fragen
Ihre Resultats-Entwicklung
Sie haben dieses Quiz noch nicht gespielt